Condomn̕io

Detalles Bibliográficos
Autor principal: de Moraes Mello, Cleyson
Formato: eBook
Lenguaje:portugués
Publicado: Rio de Janeiro: Editora Processo, 2019
Edición:2da. Edicin̤
Materias:
Acceso en línea:Acceso restringido

MARC

LEADER 00000nam a22000007a 4500
005 20220719220026.0
007 cr|||| ||||
008 220719s2019 br |||||s|||| 00||0 por d
020 |a 978-85-93741-44-9 
035 |a 36733 
040 |a vLex 
090 |c 13583  |d 13583 
100 1 |a de Moraes Mello, Cleyson 
245 1 0 |a Condomn̕io  |h [Recurso electrn̤ico] /  |c Cleyson de Moraes Mello 
250 |a 2da. Edicin̤ 
256 |a Servicio en ln̕ea 
260 |a Rio de Janeiro:  |b Editora Processo,  |c 2019 
300 |a 1 recurso electrn̤ico 
500 |a O novo Cd̤igo Civil causou verdadeira revoluȯ̂ em vr̀ias r̀eas, sendo uma das mais profundas e de maior impacto social a ocorrida na legislaȯ̂ de condomn̕io, que afeta a vida de milhe̳s de pessoas. Apesar destas transformaė̳s, faltava uma obra que abrangesse de forma integral o tema. O autor , em face das mudanȧs, lanȧ este texto, que j ̀pode ser considerado o mais completo sobre condomn̕io, juntando ̉parte doutrinr̀ia a jurisprudn̊cia selecionada e dividida em tp̤icos, a legislaȯ̂ correlata, a prt̀ica jurd̕ica com modelos para os advogados e a prt̀ica administrativa, tambm̌ com modelos, s ̤que para sn̕dicos e administradoras. Obra fundamental de Cleyson de Moraes Mello, autor tambm̌ da obra Locaȯ̂ e Despejo. 
506 1 |a Disponible solo en los productos indicados  |d vLex Global  |d vLex Global (Academic Edition, excluding Law Schools)  |d vLex Global (U.S. Academic Edition, Law Schools)  |d vLex Global (U.S. Academic Edition, excluding Law Schools)  |d vLex Global (Academic Edition, Law Schools) 
650 0 4 |a Derecho Civil  |z Brasil 
740 0 |a vLex Libros (Servicio en ln̕ea) 
856 4 0 |u https://app.vlex.com/#/sources/36733  |z Acceso restringido 
942 |c BOOK 
999 0 |a Civil Law